书目信息 |
| 题名: |
古代金器
|
|
| 作者: | 于元 编著 | |
| 分册: | ||
| 出版信息: | 2010.05 |
|
| 页数: | 120页 | |
| 开本: | 23cm | |
| 丛书名: | 中国文化知识读本 | |
| 单 册: | ||
| 中图分类: | K876.43 | |
| 科图分类: | ||
| 主题词: | 金银器(考古 )--简介--中国 | |
| 电子资源: | ||
| ISBN: | 978-7-5463-1691-8 | |
| 000 | 00691nam 2200241 450 | |
| 001 | 1034229578 | |
| 005 | 20100813093319.87 | |
| 010 | @a978-7-5463-1691-8@dCNY22.00 | |
| 100 | @a20100515d2010 km y0chiy0120 ea | |
| 101 | 0 | @achi |
| 105 | @aa z 000yy | |
| 200 | 1 | @a古代金器@Agu dai jin qi@f于元编著@Fyu yuan bian zhu |
| 205 | @a第2版 | |
| 210 | @d2010.05 | |
| 215 | @a120页@c图@d23cm | |
| 225 | 2 | @a中国文化知识读本 |
| 330 | @a本书介绍了金器史、金器的分类、古代著名的金器、金器的鉴别等。 | |
| 410 | 0 | @12001 @a中国文化知识读本 |
| 606 | 0 | @a金银器(考古 )@x简介@y中国 |
| 690 | @aK876.43@v4 | |
| 701 | 0 | @a于元@Ayu yuan@4编著 |
| 801 | 0 | @aCN@c20100515 |
| 905 | @dK876.43@eY733=2@f5 | |
| 古代金器/于元编著.-第2版.-2010.05 |
| 120页:图;23cm.-(中国文化知识读本) |
| ISBN 978-7-5463-1691-8:CNY22.00 |
| 本书介绍了金器史、金器的分类、古代著名的金器、金器的鉴别等。 |
| ● |
| 相关链接 |
|
|
|
正题名:古代金器
索取号:K876.43/Y733=2
 
预约/预借
| 序号 | 登录号 | 条形码 | 馆藏地/架位号 | 状态 | 备注 |
| 1 | 1027862 | 210278625 | 自科二线404/309社科库 11排2列4层/ [索取号:K876.43/Y733=2] | 在馆 | |
| 2 | 1027863 | 210278634 | 社科库309/309社科库 8排3列4层/ [索取号:K876.43/Y733=2] | 在馆 | |
| 3 | 1027864 | 210278643 | 社科库309/309社科库 8排3列4层/ [索取号:K876.43/Y733=2] | 在馆 | |
| 4 | 1027865 | 210278652 | 自科二线404/309社科库 11排2列4层/ [索取号:K876.43/Y733=2] | 在馆 | |
| 5 | 1027866 | 210278661 | 自科二线404/309社科库 11排2列4层/ [索取号:K876.43/Y733=2] | 在馆 |